000 00510nam a2200157 a 4500
008 120416s1967 ||||||||||||||||| || u
050 _aJK 516 Mac
100 _aMcConnell, Grant
245 1 4 _aThe modern presidency
260 _aNew York
_bSt. Martin's P
_c1967
300 _a114p.
350 _a0.00
650 _aGOVERNMENT
650 _aPRESIDENTS
995 _D0.00
_FCBU-MAIN LIBRARY (Kitwe)
_H1
_I0.00
_M1
_UAVAILABLE
_ZAnnex Low-Usage Collection
999 _c51508
_d51508